Estados de EE. UU. - Escribe la Primera Letra - Estadísticas

Estadísticas generales
  • Esta prueba ha sido intentada 591 veces
  • La puntuación promedio es 24 de 50
Respuestas en el mapa
Las respuestas están codificadas por una escala verde-roja en el mapa de la prueba según el % correcto abajo.
 
Estadísticas de respuestas
Estado % Correcto
Montana
60%
Alaska
57%
Maryland
57%
Washington
55%
Carolina del Norte
54%
Dakota del Sur
54%
Nevada
54%
Nuevo México
54%
Ohio
54%
Arkansas
53%
Colorado
53%
Hawái
53%
Texas
53%
Virginia Occidental
53%
Rhode Island
52%
Vermont
52%
Florida
51%
Illinois
51%
Wisconsin
51%
Dakota del Norte
49%
Indiana
49%
Misisipi
49%
Nueva York
49%
Virginia
49%
Kentucky
48%
Luisiana
48%
Maine
48%
Oregón
48%
Alabama
47%
California
47%
Carolina del Sur
47%
Delaware
47%
Míchigan
47%
Nuevo Hampshire
47%
Idaho
46%
Minnesota
46%
Nueva Jersey
46%
Utah
46%
Kansas
45%
Oklahoma
45%
Wyoming
45%
Connecticut
43%
Georgia
43%
Iowa
43%
Misuri
43%
Pensilvania
43%
Tennessee
43%
Massachusetts
42%
Arizona
41%
Nebraska
40%
No se encontraron pruebas coincidentes
Distribución de puntuación
Porcentaje de gente con cada puntuación
Porcentaje por número respondido
Historial de tus puntuaciones
No has intentado esta prueba.